Introduction to game theory (Record no. 179000)

000 -LEADER
fixed length control field 00377nam a2200133Ia 4500
008 - FIXED-LENGTH DATA ELEMENTS--GENERAL INFORMATION
fixed length control field 220217s9999||||xx |||||||||||||| ||und||
020 ## - INTERNATIONAL STANDARD BOOK NUMBER
International Standard Book Number 0-19-568158-4
082 ## - DEWEY DECIMAL CLASSIFICATION NUMBER
Classification number 519.3 OSB
100 ## - MAIN ENTRY--PERSONAL NAME
Personal name Osborne, Martin, J
9 (RLIN) 6510
245 #0 - TITLE STATEMENT
Title Introduction to game theory
260 ## - PUBLICATION, DISTRIBUTION, ETC.
Place of publication, distribution, etc. Oxford university press
Name of publisher, distributor, etc. New Delhi
Date of publication, distribution, etc. 2009
300 ## - PHYSICAL DESCRIPTION
Extent XVII, 533p.
Other physical details 375
650 ## - SUBJECT ADDED ENTRY--TOPICAL TERM
Topical term or geographic name entry element MATHEMATICS
Holdings
Withdrawn status Lost status Damaged status Not for loan Collection code Home library Current library Shelving location Date acquired Full call number Barcode Date last seen Price effective from Koha item type
        Electronics and Communication Engineering Central Library Central Library Book Cart 02/18/2022 519.3 OSB 14189 02/18/2022 02/18/2022 Books

Powered by Koha